| 000 | 00514nam a2200193Ia 4500 | ||
|---|---|---|---|
| 008 | 210210b1983 xxu||||| |||| 00| 0 eng d | ||
| 020 | _a0 07 451852 6 | ||
| 082 | _a621.38154 RANI | ||
| 100 | _aRANGAN (C S) and others. | ||
| 245 | _aInstrumentation devics and systems. | ||
| 260 |
_aNew Delhi. _bTata McGraw-Hill Publishing Company Ltd. _c1983 |
||
| 300 | _axii,529 | ||
| 650 | _asystems. | ||
| 650 | _aInstrumentation | ||
| 650 | _adevics | ||
| 650 | _aand | ||
| 690 | _aElectronics | ||
| 906 | _aSG01985 | ||
| 999 |
_c113397 _d113397 |
||